Засекречивание информации. Порядок засекречивания информации; Ядерная энергетика: технология, безопасность, экология, экономика, управление

Bibliographic Details
Parent link:Ядерная энергетика: технология, безопасность, экология, экономика, управление.— 2010.— [С. 83]
Main Author: Ворошко А. А.
Summary:Заглавие с экрана.
Электронная версия печатной публикации
Language:Russian
Published: 2010
Subjects:
Online Access:http://www.lib.tpu.ru/fulltext/v/Conferences/2010/K03/03037.pdf
Format: Electronic Book Chapter
KOHA link:https://koha.lib.tpu.ru/cgi-bin/koha/opac-detail.pl?biblionumber=206955

MARC

LEADER 00000naa2a2200000 4500
001 206955
005 20260127155429.0
035 |a (RuTPU)RU\TPU\book\225691 
035 |a RU\TPU\book\225682 
090 |a 206955 
100 |a 20120119d2010 k y0rusy50 ca 
101 0 |a rus 
102 |a RU 
135 |a drnn ---uucaa 
181 0 |a i  
182 0 |a b 
200 1 |a Засекречивание информации. Порядок засекречивания информации  |f А. А. Ворошко 
203 |a Текст  |c электронный 
215 |a 1 файл (461 Кб) 
300 |a Заглавие с экрана. 
300 |a Электронная версия печатной публикации 
337 |a Adobe Reader 
463 1 |0 (RuTPU)RU\TPU\book\224752  |t Ядерная энергетика: технология, безопасность, экология, экономика, управление  |o сборник научных трудов I Всероссийской научно-практической конференции молодых атомщиков Сибири, Томск, 19-25 сентября 2010 г.  |f Национальный исследовательский Томский политехнический университет (ТПУ)  |v [С. 83]  |d 2010 
610 1 |a информация 
610 1 |a секретность 
610 1 |a степень 
610 1 |a государственная тайна 
610 1 |a государственная политика 
610 1 |a Перечень сведений 
610 1 |a электронный ресурс 
700 1 |a Ворошко  |b А. А. 
801 1 |a RU  |b 63413507  |c 20120113 
801 2 |a RU  |b 63413507  |c 20120424  |g RCR 
856 4 |u http://www.lib.tpu.ru/fulltext/v/Conferences/2010/K03/03037.pdf 
942 |c CF